Вып. 66; Радиотехника

Bibliographic Details
Parent link:Радиотехника: республиканский межведомственный научно-технический сборник/ Харьковский институт радиоэлектроники им. М. К. Янгеля. Вып. 66.— , 1965-
Other Authors: Терещенко А. И. (редактор)
Language:Russian
Published: 1983
Subjects:
Format: Book
KOHA link:https://koha.lib.tpu.ru/cgi-bin/koha/opac-detail.pl?biblionumber=305968

MARC

LEADER 00000nam2a2200000 4500
001 305968
005 20231102001842.0
020 |a RU  |b 87-51154ж 
035 |a (RuTPU)RU\TPU\book\331244 
035 |a RU\TPU\book\131578 
090 |a 305968 
100 |a 20151001d1983 km y0rusy5003 ca 
101 0 |a rus 
102 |a UA 
105 |a a z 001zy 
200 0 |a Вып. 66  |f отв. ред. А. И. Терещенко 
210 |d 1983 
215 |a 105 с.  |c ил. 
320 |a Библиография в конце статей 
461 1 |0 (RuTPU)RU\TPU\book\70383  |t Радиотехника  |o республиканский межведомственный научно-технический сборник  |f Харьковский институт радиоэлектроники им. М. К. Янгеля  |v Вып. 66  |d 1965- 
606 1 |a Радиотехника  |2 stltpush  |3 (RuTPU)RU\TPU\subj\71345  |9 85301 
610 1 |a радиосигналы 
610 1 |a формирование 
610 1 |a анализ 
610 1 |a синтез 
610 1 |a радиотехнические системы 
610 1 |a радиотехнические схемы 
610 1 |a разработка 
610 1 |a радиоволны 
610 1 |a рассеяние 
610 1 |a распознавание 
610 1 |a фазоманипулированные сигналы 
610 1 |a волноводные резонаторы 
610 1 |a гистерезисные явления 
610 1 |a дифракционное излучение 
610 1 |a лазеры на свободных электронах 
675 |a 621.37  |z rus  |v 3 
702 1 |a Терещенко  |b А. И.  |4 340 
801 0 |a RU  |b RuMRKP  |c 19950417  |g psbo 
801 1 |a RU  |b 63413507  |c 20070914  |g PSBO 
801 2 |a RU  |b 63413507  |c 20190710  |g PSBO 
942 |c BK